[Event "Titled Tue 10th Jun Early"]
[Site "chess.com INT"]
[Date "2025.06.10"]
[Round "4"]
[White "Thake, Conrad"]
[Black "Brenke, Andreas"]
[Result "0-1"]
[WhiteTitle "CM"]
[BlackTitle "FM"]
[WhiteElo "1873"]
[BlackElo "2349"]
[WhiteFideId "5602947"]
[BlackFideId "4602900"]
[EventDate "2025.06.10"]

1. e4 c6 2. d4 d5 3. exd5 cxd5 4. c4 Nf6 5. Nc3 Nc6 6. Nf3 a6 7. Bg5 Be6 8. c5
g6 9. Be2 Bg7 10. O-O O-O 11. a3 Ne4 12. Bf4 Bg4 13. Ne5 Bxe2 14. Qxe2 Nxd4 15.
Qd3 Nxc3 16. bxc3 Nb3 17. Rad1 e6 18. c6 bxc6 19. Nxc6 Qd7 20. Ne5 Qa4 21. c4
Nc5 22. Qe3 Nd7 23. cxd5 exd5 24. Nxd7 Qxd7 25. Be5 Rfe8 26. f4 f6 27. Qf3 fxe5
28. Rxd5 Qa7+ 29. Kh1 exf4 30. Qb3 Qf7 31. g3 g5 32. gxf4 gxf4 33. Rg1 Rad8 34.
Rxd8 Qxb3 35. Rxe8+ Kf7 0-1

[Event "Titled Tue 10th Jun Early"]
[Site "chess.com INT"]
[Date "2025.06.10"]
[Round "4"]
[White "Wagh, Suyog"]
[Black "Gibala, Adam"]
[Result "1-0"]
[WhiteTitle "FM"]
[BlackTitle "CM"]
[WhiteElo "2319"]
[BlackElo "2245"]
[WhiteFideId "25071688"]
[BlackFideId "21070288"]
[EventDate "2025.06.10"]

1. d4 Nf6 2. c4 d6 3. Nf3 g6 4. Nc3 Bg7 5. e4 O-O 6. Be2 Nc6 7. d5 Ne5 8. Nxe5
dxe5 9. Be3 e6 10. O-O b6 11. c5 exd5 12. exd5 Bb7 13. c6 Bc8 14. b4 Ne8 15. a4
Nd6 16. a5 Rb8 17. axb6 axb6 18. Ra7 f5 19. f3 e4 20. Bd4 Bh6 21. f4 Rf7 22. Be5
Bf8 23. Qd4 g5 24. g3 g4 25. Rfa1 Be7 26. Ra8 Rxa8 27. Rxa8 Rf8 28. Ba6 Bxa6 29.
Rxd8 Rxd8 30. Bh8 Ne8 31. Be5 Ra8 32. Nd1 Be2 33. Ne3 Nd6 34. Bxd6 Bxd6 35. Nxf5
Bf8 36. d6 cxd6 37. c7 Ba6 38. Qxe4 1-0

[Event "Titled Tue 10th Jun Early"]
[Site "chess.com INT"]
[Date "2025.06.10"]
[Round "4"]
[White "Rozman, Levy"]
[Black "Sahbudak, Baris Cinar"]
[Result "1-0"]
[WhiteTitle "IM"]
[BlackTitle "CM"]
[WhiteElo "2324"]
[BlackElo "2072"]
[WhiteFideId "2039877"]
[BlackFideId "26351633"]
[EventDate "2025.06.10"]

1. b3 Nf6 2. Bb2 g6 3. Bxf6 exf6 4. c4 Bg7 5. Nc3 O-O 6. Rc1 d6 7. g3 c6 8. Bg2
Nd7 9. h4 h5 10. e3 f5 11. Nge2 Nf6 12. O-O Bd7 13. Nf4 Rc8 14. d4 Re8 15. Qd3
Qe7 16. Rfe1 Ne4 17. b4 Bf6 18. Nce2 Bg7 19. f3 Nf6 20. Kf2 d5 21. a3 Be6 22.
Nxe6 Qxe6 23. Nf4 Qd6 24. Qb3 dxc4 25. Rxc4 Kh7 26. Rc5 Re7 27. Nh3 Bh6 28. Ng5+
Bxg5 29. hxg5 Nd5 30. f4 Nc7 31. Re5 Rce8 32. Bf3 Ne6 33. Rh1 Ng7 34. Qc4 Kg8
35. Rd1 Ne6 36. a4 Nc7 37. b5 cxb5 38. axb5 a6 39. Bxb7 axb5 40. Qc6 Qb4 41. Qf6
Ne6 42. Bc6 Rc8 43. d5 Rxc6 44. dxc6 Rc7 45. Rxe6 fxe6 46. Rd8+ 1-0

[Event "Titled Tue 10th Jun Early"]
[Site "chess.com INT"]
[Date "2025.06.10"]
[Round "4"]
[White "Coe, William"]
[Black "Sarveshwaran V"]
[Result "0-1"]
[BlackTitle "CM"]
[WhiteElo "2078"]
[BlackElo "2290"]
[WhiteFideId "30913624"]
[BlackFideId "25699016"]
[EventDate "2025.06.10"]

1. e4 e5 2. Nf3 Nc6 3. Bb5 a6 4. Ba4 f5 5. d3 Nf6 6. Bg5 Be7 7. Nc3 b5 8. Bb3 d6
9. Qd2 Na5 10. O-O-O Nxb3+ 11. axb3 c5 12. Nd5 Nxd5 13. exd5 a5 14. Bxe7 Qxe7
15. Qg5 Qf7 16. c4 O-O 17. h4 a4 18. Nd2 axb3 19. Nxb3 Ba6 20. Nd2 bxc4 21. dxc4
Qc7 22. Rh3 Bc8 23. Rb3 f4 24. f3 Bf5 25. Ne4 Ra4 26. Rc3 Qb6 27. Rd2 Ra1+ 28.
Kc2 Rb8 29. Kd3 Bxe4+ 30. Kxe4 Rf8 31. h5 Re1+ 32. Kd3 Rb8 0-1

[Event "Titled Tue 10th Jun Early"]
[Site "chess.com INT"]
[Date "2025.06.10"]
[Round "4"]
[White "Buyankhishig, Batpelden"]
[Black "Koridze, Lile"]
[Result "1/2-1/2"]
[WhiteTitle "WFM"]
[BlackTitle "WFM"]
[WhiteElo "2015"]
[BlackElo "2110"]
[WhiteFideId "4923537"]
[BlackFideId "13612514"]
[EventDate "2025.06.10"]

1. d4 Nf6 2. c4 e6 3. Nf3 d5 4. Nc3 Bb4 5. Qa4+ Nc6 6. e3 O-O 7. Qc2 dxc4 8.
Bxc4 Bd6 9. Bd2 e5 10. d5 Ne7 11. e4 c6 12. Bg5 cxd5 13. Nxd5 Nexd5 14. Bxd5
Qa5+ 15. Bd2 Bb4 16. O-O Nxd5 17. exd5 Bxd2 18. Qxd2 Qxd2 19. Nxd2 Rd8 20. Nc4
Rxd5 21. Rad1 Be6 22. Rxd5 Bxd5 23. Nxe5 Bxa2 24. Rc1 h6 25. h3 Re8 26. f4 f6
27. Ng6 Bf7 28. f5 Kh7 29. Nf4 Re4 30. g3 Rc4 31. Rd1 Rc7 32. Rd2 Re7 33. Kf2
Bc4 34. Ng6 Re8 35. Rd7 Re2+ 36. Kf3 Rxb2 37. Rd8 Bg8 38. Nf8+ Kh8 39. Ng6+ Kh7
40. Nf8+ Kh8 41. Ng6+ Kh7 1/2-1/2

[Event "Titled Tue 10th Jun Early"]
[Site "chess.com INT"]
[Date "2025.06.10"]
[Round "4"]
[White "Aloma Vidal, Robert"]
[Black "Kjaergaard-Jensen, Jesper"]
[Result "1-0"]
[WhiteTitle "IM"]
[BlackTitle "CM"]
[WhiteElo "2373"]
[BlackElo "2081"]
[WhiteFideId "2260409"]
[BlackFideId "1406990"]
[EventDate "2025.06.10"]

1. h4 Nf6 2. c4 e5 3. e3 e4 4. Nc3 Bb4 5. Nge2 Nc6 6. a3 Ne5 7. Ng3 Bxc3 8. bxc3
c6 9. f4 exf3 10. gxf3 Qc7 11. Kf2 d5 12. d4 Nxc4 13. Bxc4 dxc4 14. e4 Qa5 15.
Qe1 Nh5 16. Rg1 Nxg3 17. Rxg3 g6 18. a4 Qd8 19. Bg5 f6 20. Bh6 Kf7 21. a5 Re8
22. h5 f5 23. Qe2 Qh4 24. hxg6+ hxg6 25. Bg5 Qh2+ 26. Rg2 Qh8 27. Qxc4+ Be6 28.
Qb4 b6 29. axb6 Rab8 30. Rxa7+ Kg8 31. Bf4 Bf7 32. Bxb8 Rxb8 33. Qe7 Rf8 34.
exf5 Qh6 35. Qg5 Qh1 36. fxg6 Bd5 37. Rf7 1-0

[Event "Titled Tue 10th Jun Early"]
[Site "chess.com INT"]
[Date "2025.06.10"]
[Round "4"]
[White "Montano Vicente, Guadalupe"]
[Black "Saiz Rodriguez, Daniel Evelio"]
[Result "0-1"]
[BlackTitle "FM"]
[WhiteElo "1938"]
[BlackElo "2187"]
[WhiteFideId "5181399"]
[BlackFideId "3523420"]
[EventDate "2025.06.10"]

1. d4 d5 2. c4 e6 3. Nc3 Nf6 4. cxd5 Nxd5 5. e4 Nxc3 6. bxc3 c5 7. Nf3 cxd4 8.
cxd4 Bb4+ 9. Bd2 Bxd2+ 10. Qxd2 O-O 11. Bc4 b6 12. O-O Bb7 13. Rfe1 Nd7 14. d5
exd5 15. Bxd5 Nc5 16. Bxb7 Qxd2 17. Nxd2 Nxb7 18. Nb3 Rac8 19. Rac1 Nd6 20. f3
b5 21. Nd4 a6 22. Nc6 Rc7 23. Nb4 Rc4 24. Nxa6 Ra8 25. Rxc4 bxc4 26. e5 Nb5 27.
Nb4 Ra4 28. Nd5 h5 29. Rb1 Nd4 30. Rd1 Nf5 31. g4 hxg4 32. fxg4 Nh4 33. Rc1 Rxa2
34. Rxc4 Nf3+ 0-1

[Event "Titled Tue 10th Jun Early"]
[Site "chess.com INT"]
[Date "2025.06.10"]
[Round "4"]
[White "Teh, Wee Zhun"]
[Black "Kotyk, Michael"]
[Result "0-1"]
[WhiteTitle "CM"]
[BlackTitle "CM"]
[WhiteElo "2010"]
[BlackElo "2241"]
[WhiteFideId "5707277"]
[BlackFideId "16214501"]
[EventDate "2025.06.10"]

1. d4 f5 2. Nc3 d5 3. Bf4 a6 4. e3 Nf6 5. Nf3 e6 6. a3 c5 7. dxc5 Bxc5 8. Bd3
Nc6 9. O-O O-O 10. Ne2 Ne4 11. h3 Qe7 12. c4 dxc4 13. Bxc4 b5 14. Ba2 Bb7 15.
Qc2 Rac8 16. Rad1 Kh8 17. Qb3 e5 18. Bh2 Rce8 19. Nc3 Na5 20. Qc2 Nxc3 21. Qxc3
Bxf3 22. gxf3 Bb6 23. Kh1 f4 24. exf4 exf4 25. Rde1 Qh4 26. Rg1 Qh6 27. Rxe8
Rxe8 28. Qd2 Rf8 29. Qd7 Bxf2 30. Rg4 Nc4 31. Bxc4 bxc4 32. Kg2 Be3 33. Qe7 Qf6
34. Qe4 Qxb2+ 35. Kh1 Qc1+ 36. Bg1 Qf1 0-1

[Event "Titled Tue 10th Jun Early"]
[Site "chess.com INT"]
[Date "2025.06.10"]
[Round "4"]
[White "Durarbayli, Vasif"]
[Black "Ughuzov, Ravan"]
[Result "1-0"]
[WhiteTitle "GM"]
[BlackTitle "FM"]
[WhiteElo "2612"]
[BlackElo "2295"]
[WhiteFideId "13402935"]
[BlackFideId "13419315"]
[EventDate "2025.06.10"]

1. e4 e5 2. Nf3 Nc6 3. d4 exd4 4. Nxd4 Qf6 5. Nf3 Bc5 6. Nc3 Nge7 7. Bg5 Qg6 8.
Qd2 h6 9. Be3 Bxe3 10. Qxe3 O-O 11. O-O-O a6 12. Nd5 Nxd5 13. exd5 Nb4 14. Qb3
a5 15. a3 Na6 16. d6 cxd6 17. Qb6 Qe6 18. Rxd6 Qa2 19. Rg1 Re8 20. Bd3 Nb8 21.
Qb5 Ra6 22. Rxa6 Nxa6 23. Bc4 Nc7 24. Qc5 Qa1+ 25. Kd2 Qxb2 26. Qxc7 d5 27. Bd3
Qxa3 28. Re1 Rf8 29. Qc3 Qd6 30. Qxa5 Bg4 31. Qa4 Bxf3 32. gxf3 Qxh2 33. Qd4 Qd6
34. f4 Rd8 35. Rg1 g6 36. f5 1-0

[Event "Titled Tue 10th Jun Early"]
[Site "chess.com INT"]
[Date "2025.06.10"]
[Round "4"]
[White "Klimkowski, Jan"]
[Black "Movahed, Sina"]
[Result "1-0"]
[WhiteTitle "GM"]
[BlackTitle "GM"]
[WhiteElo "2508"]
[BlackElo "2544"]
[WhiteFideId "21856222"]
[BlackFideId "42520835"]
[EventDate "2025.06.10"]

1. e4 c5 2. Nf3 e6 3. d4 cxd4 4. Nxd4 Nf6 5. Nc3 Nc6 6. a3 d6 7. Be3 e5 8. Nxc6
bxc6 9. f4 Ng4 10. Bc1 Qb6 11. Qf3 exf4 12. Qxf4 Be7 13. Be2 Ne5 14. Rb1 Be6 15.
Be3 Qa5 16. O-O O-O 17. Bd4 Rab8 18. Kh1 Rb7 19. Nd1 Rfb8 20. Ne3 Qd2 21. Bxe5
dxe5 22. Qf3 Bg5 23. Nc4 Qxc2 24. Nxe5 Bf6 25. Rbc1 Qxb2 26. Nxc6 Rf8 27. e5 Bg5
28. Rcd1 Rb3 29. Qh5 h6 30. Bg4 g6 31. Qxg6+ fxg6 32. Bxe6+ Rf7 33. Rxf7 Rb7 34.
Rxb7+ 1-0

[Event "Titled Tue 10th Jun Early"]
[Site "chess.com INT"]
[Date "2025.06.10"]
[Round "4"]
[White "Dumanuly, Sultanbeibarys"]
[Black "Fomevor, Cephas Clinton"]
[Result "1-0"]
[WhiteTitle "FM"]
[BlackTitle "CM"]
[WhiteElo "2212"]
[BlackElo "1883"]
[WhiteFideId "13731963"]
[BlackFideId "12601330"]
[EventDate "2025.06.10"]

1. e4 c5 2. Nf3 Nc6 3. d4 cxd4 4. Nxd4 Nf6 5. Nc3 e5 6. Ndb5 d6 7. Bg5 a6 8. Na3
b5 9. Nd5 Be7 10. Bxf6 Bxf6 11. c4 b4 12. Nc2 a5 13. Be2 Be6 14. O-O O-O 15. Qd3
Bg5 16. Rfd1 f5 17. Bf3 g6 18. a3 Rb8 19. axb4 fxe4 20. Bxe4 axb4 21. b3 Bf5 22.
Ra6 Bxe4 23. Qxe4 Ne7 24. Nxe7+ Qxe7 25. Raxd6 Rbd8 26. Rxd8 Rxd8 27. Rd5 Rxd5
28. Qxd5+ Kg7 29. g3 e4 30. Ne3 Bxe3 31. fxe3 Kh6 32. Kg2 Qa7 33. Qxe4 Qa2+ 34.
Kh3 Qxb3 35. c5 Qc3 36. c6 b3 37. Qf4+ Kg7 38. Qc7+ Kh6 39. Qf4+ Kg7 40. c7 b2
41. Qg5 b1=Q 42. Qe7+ Kh6 43. Qf8+ Kg5 44. Qf4+ Kh5 45. Qh4# 1-0

[Event "Titled Tue 10th Jun Early"]
[Site "chess.com INT"]
[Date "2025.06.10"]
[Round "4"]
[White "Kravtsiv, Martyn"]
[Black "Tsydypov, Zhamsaran"]
[Result "0-1"]
[WhiteTitle "GM"]
[BlackTitle "GM"]
[WhiteElo "2598"]
[BlackElo "2514"]
[WhiteFideId "14113147"]
[BlackFideId "4108566"]
[EventDate "2025.06.10"]

1. e4 e5 2. Nf3 Nc6 3. d4 exd4 4. Nxd4 Bc5 5. Nb3 Bb6 6. Qe2 Nf6 7. e5 Ng8 8.
Nc3 a5 9. Nd5 Ba7 10. a4 Nge7 11. Bg5 h6 12. Bh4 g5 13. Nf6+ Kf8 14. Bg3 Ng6 15.
O-O-O d6 16. Nh5 d5 17. Kb1 Bf5 18. f4 Nb4 19. Rd2 g4 20. Nf6 c5 21. h3 gxh3 22.
Qh5 Qc8 23. gxh3 c4 24. Na1 Be3 25. Re2 d4 26. Rxe3 dxe3 27. Be1 Nxf4 28. Qh4
Ng6 29. Qd4 Qc6 30. Rg1 Rc8 31. Qxe3 Qxa4 32. Qf2 Qa2+ 33. Kc1 Qxa1+ 34. Kd2
Rd8+ 35. Ke3 Qc1+ 36. Bd2 Nxc2+ 37. Kf3 Qxd2 0-1

[Event "Titled Tue 10th Jun Early"]
[Site "chess.com INT"]
[Date "2025.06.10"]
[Round "4"]
[White "Purtseladze, Maka"]
[Black "Harshavardhan, G B"]
[Result "0-1"]
[WhiteTitle "IM"]
[BlackTitle "IM"]
[WhiteElo "2261"]
[BlackElo "2472"]
[WhiteFideId "13602659"]
[BlackFideId "25059009"]
[EventDate "2025.06.10"]

1. d4 d5 2. c4 e6 3. Nc3 Nf6 4. Nf3 c6 5. e3 Nbd7 6. Qc2 Bd6 7. b3 O-O 8. Bb2 b6
9. cxd5 exd5 10. Bd3 Bb7 11. Ne2 Re8 12. O-O Ne4 13. Ng3 Ndf6 14. Ne5 c5 15. Nf5
Bf8 16. Bb5 Re6 17. f3 Nd6 18. Bd3 Rc8 19. Qf2 c4 20. Bc2 g6 21. Nxd6 Bxd6 22.
f4 c3 23. Bc1 Qe7 24. f5 Rxe5 25. dxe5 Qxe5 26. Qh4 Ne4 27. fxg6 hxg6 28. a4 Nd2
29. Re1 Kg7 30. Ba3 Bb8 31. Qf4 f5 32. Qxe5+ Bxe5 33. g3 Nf3+ 34. Kf2 Nxe1 35.
Rxe1 Rh8 36. Kg1 Kf6 37. Bd3 Rc8 38. Rc1 d4 39. Kf2 Rh8 40. h4 g5 41. exd4 Bxd4+
42. Ke2 gxh4 43. gxh4 Rxh4 44. Rf1 Rh2+ 45. Ke1 Bc8 46. Bd6 Be5 47. Bxe5+ Kxe5
48. Rf2 Rxf2 49. Kxf2 Bb7 50. Ke3 Be4 51. Be2 f4+ 52. Kf2 c2 0-1

[Event "Titled Tue 10th Jun Early"]
[Site "chess.com INT"]
[Date "2025.06.10"]
[Round "4"]
[White "Bold, Andre"]
[Black "Povshednyi, Ivan"]
[Result "1-0"]
[WhiteTitle "CM"]
[BlackTitle "FM"]
[WhiteElo "2235"]
[BlackElo "2309"]
[WhiteFideId "16208471"]
[BlackFideId "14190907"]
[EventDate "2025.06.10"]

1. d4 Nf6 2. Nf3 g6 3. g3 Bg7 4. Bg2 d5 5. O-O c6 6. c4 dxc4 7. Ne5 Ng4 8. Nf3
O-O 9. a4 c5 10. d5 Na6 11. Na3 Nb4 12. e4 Nf6 13. Qe2 b6 14. Nxc4 Ba6 15. Bg5
h6 16. Bxf6 exf6 17. Rac1 Re8 18. Rfe1 f5 19. e5 Qxd5 20. Nfd2 Qe6 21. Bxa8 Rxa8
22. Qf3 Rd8 23. Re3 h5 24. b3 Bh6 25. Rce1 Bxe3 26. Qxe3 Nc2 27. Qg5 Rd4 28. Rc1
Nb4 29. f4 Nd5 30. Qh6 Qe7 31. Nf3 Rd3 32. Ng5 f6 33. Qxg6+ Kh8 34. Nf7+ Qxf7
35. Qxf7 Bxc4 36. bxc4 Ne3 37. e6 Ng4 38. e7 1-0

[Event "Titled Tue 10th Jun Early"]
[Site "chess.com INT"]
[Date "2025.06.10"]
[Round "4"]
[White "Mihajlovskij, Sergei"]
[Black "Venkatesh, Narayan"]
[Result "1-0"]
[BlackTitle "FM"]
[WhiteElo "2292"]
[BlackElo "2168"]
[WhiteFideId "13500805"]
[BlackFideId "30987881"]
[EventDate "2025.06.10"]

1. e4 d6 2. d4 g6 3. Nc3 Bg7 4. Be3 Nc6 5. Qd2 e5 6. d5 Nd4 7. Nge2 c5 8. dxc6
Nxc6 9. O-O-O Nf6 10. f3 Be6 11. h4 O-O 12. h5 Qa5 13. Kb1 b5 14. h6 Bh8 15. Nd5
b4 16. Nc1 Bxd5 17. exd5 Ne7 18. Bc4 Rac8 19. Bb3 Qb5 20. g4 a5 21. g5 Nd7 22.
Qe2 Qb7 23. Ba4 Nc5 24. Bc6 Nxc6 25. dxc6 Qxc6 26. Bxc5 Qxc5 27. Qe4 Rfd8 28.
Rd5 Qb6 29. Rhd1 Rc6 30. Nb3 a4 31. Na5 Rc5 32. Nb7 Rxd5 33. Qxd5 Rd7 34. Nxd6
a3 35. Qc4 e4 36. f4 Bxb2 37. c3 Bxc3 38. Kc2 Qf2+ 39. Kb3 Qb2+ 40. Ka4 Qc2+ 41.
Kb5 Kf8 42. Qc8+ Ke7 43. Qe8# 1-0

[Event "Titled Tue 10th Jun Early"]
[Site "chess.com INT"]
[Date "2025.06.10"]
[Round "4"]
[White "Bukreev, Stanislav"]
[Black "Horobetz, Graham"]
[Result "1-0"]
[WhiteTitle "FM"]
[WhiteElo "2305"]
[BlackElo "2250"]
[WhiteFideId "34252347"]
[BlackFideId "2047322"]
[EventDate "2025.06.10"]

1. d4 Nf6 2. c4 e6 3. Nf3 Bb4+ 4. Nbd2 O-O 5. a3 Be7 6. e4 d5 7. e5 Nfd7 8. Bd3
c5 9. h4 cxd4 10. Bxh7+ Kh8 11. Bb1 f5 12. Ng5 Qe8 13. Nxe6 Nxe5 14. Nxf8 Bxf8
15. Qe2 d3 16. Qd1 dxc4 17. Kf1 b5 18. Qe1 Qe6 19. Rh3 f4 20. Ne4 Nbc6 21. Bxf4
Bb7 22. Kg1 Be7 23. Ba2 Rf8 24. Bg5 Nd4 25. Bxe7 Qxe7 26. Rd1 Ne2+ 27. Kh1 Bxe4
28. f3 Bd5 29. Bb1 Nxf3 30. gxf3 Rxf3 31. Rxf3 Bxf3+ 32. Kh2 Qe5+ 33. Kh3 Qf5+
34. Kh2 Qg4 35. Qf2 Qf5 36. Qe3 Kh7 37. Rxd3 cxd3 38. Bxd3 Bg4 39. Bxf5+ Bxf5
40. Qxe2 Bg4 41. Qxg4 1-0

[Event "Titled Tue 10th Jun Early"]
[Site "chess.com INT"]
[Date "2025.06.10"]
[Round "4"]
[White "Aswath, S"]
[Black "Bozorov, Javohir"]
[Result "1-0"]
[WhiteTitle "IM"]
[BlackTitle "FM"]
[WhiteElo "2507"]
[BlackElo "2039"]
[WhiteFideId "46694919"]
[BlackFideId "14216957"]
[EventDate "2025.06.10"]

1. f4 d5 2. Nf3 c5 3. g3 Nc6 4. Bg2 d4 5. O-O Nf6 6. d3 h5 7. e4 e5 8. f5 Be7 9.
h3 g6 10. Nh4 Rg8 11. fxg6 fxg6 12. Bg5 Be6 13. Nd2 Nh7 14. Bxe7 Qxe7 15. a3
O-O-O 16. b3 Qg5 17. Kh2 Rdf8 18. Ndf3 Qe3 19. Qd2 Qxd2 20. Nxd2 Kd7 21. Rxf8
Nxf8 22. Rf1 Ke7 23. Ndf3 Nh7 24. b4 cxb4 25. axb4 a6 26. Rb1 b5 27. Ra1 Bc8 28.
Ra3 Kd6 29. c3 dxc3 30. Rxc3 Nxb4 31. d4 exd4 32. e5+ Ke7 33. Rc7+ Bd7 34. Nxd4
Rc8 35. Nxg6+ Kf7 36. Rxd7+ Kxg6 37. Be4+ Kg5 38. h4+ Kg4 39. Bf5# 1-0

[Event "Titled Tue 10th Jun Early"]
[Site "chess.com INT"]
[Date "2025.06.10"]
[Round "4"]
[White "Chan, Mark"]
[Black "Subervi, Jonathan Sigfredo"]
[Result "1-0"]
[WhiteTitle "FM"]
[BlackTitle "FM"]
[WhiteElo "2179"]
[BlackElo "2059"]
[WhiteFideId "5800560"]
[BlackFideId "6400345"]
[EventDate "2025.06.10"]

1. d4 f5 2. g3 Nf6 3. Bg2 g6 4. Nf3 Bg7 5. O-O O-O 6. c4 d6 7. b3 c6 8. Bb2 Qc7
9. Nc3 e5 10. dxe5 dxe5 11. e4 Na6 12. exf5 Bxf5 13. Qe2 Rae8 14. Ng5 Nc5 15.
Ba3 Qa5 16. Bxc5 Qxc5 17. Nge4 Nxe4 18. Nxe4 Qa3 19. Rad1 Rd8 20. h3 Rd4 21. g4
Bxe4 22. Bxe4 Qc5 23. Rxd4 exd4 24. Qd3 Rf4 25. Re1 Be5 26. Kg2 Bc7 27. Bf3 Qd6
28. Re4 Rxe4 29. Bxe4 Qh2+ 30. Kf1 Be5 31. c5 Kg7 32. b4 Qf4 33. Kg2 Qh2+ 34.
Kf1 Qf4 35. a4 Kf6 36. Kg2 Qh2+ 37. Kf1 Kg5 38. b5 cxb5 39. axb5 b6 40. c6 Kh4
41. Bg2 Qf4 42. Qc2 Kg5 43. Qc4 Kf6 44. Qd3 Qc1+ 45. Ke2 Qf4 46. Qf3 Qxf3+ 47.
Kxf3 g5 48. Ke4 Ke6 49. Bf1 Kd6 50. c7 Kxc7 51. Kxe5 1-0

[Event "Titled Tue 10th Jun Early"]
[Site "chess.com INT"]
[Date "2025.06.10"]
[Round "4"]
[White "Recuero Guerra, Javier"]
[Black "Garcia, Jhoel"]
[Result "0-1"]
[WhiteTitle "FM"]
[BlackTitle "IM"]
[WhiteElo "2126"]
[BlackElo "2293"]
[WhiteFideId "2254085"]
[BlackFideId "3801110"]
[EventDate "2025.06.10"]

1. e4 c5 2. Nf3 a6 3. c3 d5 4. exd5 Qxd5 5. d4 Nc6 6. Be2 e6 7. O-O Nf6 8. Be3
cxd4 9. Nxd4 Bd7 10. Bf3 Qa5 11. Nxc6 bxc6 12. Nd2 Nd5 13. Nc4 Qc7 14. Bd2 Bc5
15. a4 a5 16. g3 O-O 17. Qe2 f6 18. Ne3 Rab8 19. Rab1 Kh8 20. Rfc1 e5 21. Nxd5
cxd5 22. b4 Bb6 23. Bxd5 Bxa4 24. Be4 Bc6 25. c4 axb4 26. Bxb4 Rfd8 27. Bc3 Bc5
28. Rxb8 Rxb8 29. Rd1 Qb7 30. Bxc6 Qxc6 31. Qd3 h6 32. Qd5 Qc7 33. Qd7 Qb6 34.
Rd2 Qb1+ 35. Kg2 Qe4+ 36. f3 Qe1 37. Qd8+ Kh7 38. Qxb8 Qg1+ 39. Kh3 Qf1+ 40. Rg2
Qxf3 41. Qc8 Qh5# 0-1

[Event "Titled Tue 10th Jun Early"]
[Site "chess.com INT"]
[Date "2025.06.10"]
[Round "4"]
[White "Leon Acevedo, Juan Alejandro"]
[Black "Zong, Davis"]
[Result "0-1"]
[WhiteTitle "CM"]
[BlackTitle "FM"]
[WhiteElo "2008"]
[BlackElo "2242"]
[WhiteFideId "4459261"]
[BlackFideId "30903955"]
[EventDate "2025.06.10"]

1. d4 d5 2. c4 c6 3. Nf3 Nf6 4. Nc3 e6 5. Bg5 dxc4 6. a4 Bb4 7. e4 Qa5 8. Bd2
Qc7 9. e5 Nd5 10. Bxc4 O-O 11. O-O Be7 12. Ne4 Nd7 13. Rc1 Qb6 14. Qc2 a5 15.
Neg5 g6 16. Ne4 Nb4 17. Qb1 c5 18. dxc5 Nxc5 19. Nf6+ Kh8 20. Bh6 Rd8 21. Rcd1
Nd7 22. Bg5 Qc7 23. Qe4 Nc6 24. Qh4 Nxf6 25. Bxf6+ Kg8 26. Ng5 h5 27. g4 Nxe5
28. Bxe7 Qxe7 29. gxh5 Rxd1 30. Rxd1 Qxg5+ 31. Qxg5 Nf3+ 32. Kg2 Nxg5 33. Rd8+
Kg7 34. hxg6 Kxg6 35. Bb5 b6 36. Bc6 Rb8 37. Bd7 Bb7+ 0-1

[Event "Titled Tue 10th Jun Early"]
[Site "chess.com INT"]
[Date "2025.06.10"]
[Round "4"]
[White "Sobek, Jaroslav"]
[Black "Bahmani, Koorosh"]
[Result "0-1"]
[WhiteTitle "FM"]
[BlackTitle "CM"]
[WhiteElo "2195"]
[BlackElo "2207"]
[WhiteFideId "301388"]
[BlackFideId "42576750"]
[EventDate "2025.06.10"]

1. d4 d5 2. c4 c6 3. Nf3 Nf6 4. e3 e6 5. Nbd2 Nbd7 6. Bd3 Bb4 7. O-O O-O 8. Qc2
dxc4 9. Nxc4 Be7 10. e4 b5 11. Ne3 h6 12. Qxc6 Rb8 13. Qc2 Bb7 14. e5 Nd5 15.
Nxd5 Bxd5 16. Bh7+ Kh8 17. Be4 Rc8 18. Qb1 Nb6 19. Be3 Nc4 20. Rc1 Qd7 21. Bxd5
Qxd5 22. b3 Nxe3 23. fxe3 Ba3 24. Rxc8 Rxc8 25. Qd3 Bb2 26. Rd1 Ba3 27. Nd2 Bb4
28. Ne4 a5 29. h3 a4 30. Kh2 a3 31. Qf1 Qxe4 32. Qxf7 Qf5 33. Qxf5 exf5 34. d5
Kg8 35. d6 Kf7 36. Rd5 Ke6 37. Rxb5 Bc3 38. Rb7 Bxe5+ 0-1

[Event "Titled Tue 10th Jun Early"]
[Site "chess.com INT"]
[Date "2025.06.10"]
[Round "4"]
[White "Luong Phuong Hanh"]
[Black "Swara Lakshmi S Nair"]
[Result "0-1"]
[WhiteTitle "WIM"]
[BlackTitle "WCM"]
[WhiteElo "2121"]
[BlackElo "2187"]
[WhiteFideId "12401013"]
[BlackFideId "25629239"]
[EventDate "2025.06.10"]

1. d4 Nf6 2. Nf3 g6 3. g3 Bg7 4. Bg2 O-O 5. O-O d5 6. c4 c6 7. Qb3 Qb6 8. Nc3
Bf5 9. c5 Qxb3 10. axb3 Na6 11. Bf4 Rfc8 12. Ra4 Nc7 13. b4 Nd7 14. Rc1 Be4 15.
Bxc7 Rxc7 16. b5 a6 17. bxc6 bxc6 18. Nxe4 dxe4 19. Nd2 f5 20. e3 e5 21. Rca1
exd4 22. exd4 Rb8 23. b3 Rb5 24. Bf1 Rb8 25. Bxa6 Nxc5 26. dxc5 Bxa1 27. Rxa1
Kg7 28. Bc4 Rd7 29. Ra2 Rbd8 30. Nf1 Rd1 31. Kg2 R8d7 32. Be6 Re7 33. Bc4 Red7
34. Ne3 R1d2 35. Ra8 Rb2 36. Ra1 Rdd2 37. Rf1 h6 38. h4 Kf6 39. Nd1 Rbc2 40. Ne3
Rb2 41. Bg8 Ra2 42. b4 Ra4 43. Rb1 Raa2 44. Bxa2 Rxa2 45. b5 cxb5 46. Rxb5 g5
47. Rb6+ Ke5 48. Rxh6 f4 49. gxf4+ gxf4 50. Rh5+ Ke6 51. Nc4 e3 52. Re5+ Kf6 53.
c6 Rxf2+ 54. Kh3 Rc2 55. Re4 e2 56. c7 Rxc4 57. Rxc4 e1=Q 58. c8=Q Qg3# 0-1

[Event "Titled Tue 10th Jun Early"]
[Site "chess.com INT"]
[Date "2025.06.10"]
[Round "4"]
[White "Boramanikar, Tanisha S"]
[Black "Levitan, Judah Nathan"]
[Result "1-0"]
[WhiteTitle "WCM"]
[BlackTitle "CM"]
[WhiteElo "1743"]
[BlackElo "2266"]
[WhiteFideId "35023454"]
[BlackFideId "14332639"]
[EventDate "2025.06.10"]

1. e4 c5 2. Nf3 g6 3. d4 cxd4 4. Nxd4 Nc6 5. Be3 Nf6 6. Bd3 Bg7 7. c4 Nb4 8. Nc3
Nxd3+ 9. Qxd3 d6 10. h3 O-O 11. O-O Bd7 12. Rac1 Rc8 13. Rfd1 a6 14. f4 Qa5 15.
Nb3 Qc7 16. Nd5 Nxd5 17. cxd5 Qb8 18. Bd4 Bb5 19. Qe3 Rxc1 20. Rxc1 Rc8 21. Bxg7
Kxg7 22. Nd4 Bd7 23. Kh2 Kg8 24. Nf3 b5 25. e5 Rxc1 26. Qxc1 Qb7 27. Qd2 Bf5 28.
Nh4 Be4 29. exd6 exd6 30. Qa5 Qe7 31. Nf3 Bxf3 32. gxf3 Qe2+ 33. Kg3 Qe1+ 34.
Qxe1 1-0